000 00850nas a2200289 4500
001 BR0807165
003 BR-BrBNA
005 20231205112212.0
007 ta
008 230509b bl.|||p| |||| 00| 00por d
040 _aBR-BrBNA
_bpor
_cBiblioteca Nacional de Agricultura
041 _a(Pt)
072 _aH20; F60
100 1 _aSouto, E.R.
100 1 _aAlmeida, A.M.R.
100 1 _aBranchini, A.
100 1 _aSartori, F.
100 1 _aCalvo, E.S.
245 1 _aAnálise molecular de segmento do RNA 2 de Comovirus isolados de soja no estado do Paraná
650 _aSOJA
650 _aDOENÇA DE PLANTA
650 _aVIRUS
650 _aPARANÁ
773 0 _tFitopatologia Brasileira (Brazil)
_xISSN 0100-4158
_g(Sep-Oct 2002), v. 27(5) p. 525-527
_wBR0807165
909 _a202311
_bLúcia
_c55
_dLúcia Elande
942 _2AGRIS
_n0
_cANA
999 _c196692
_d196692